Guía práctica. Operación renta AT 2024.
Spremljeno u:
| Glavni autor: | |
|---|---|
| Format: | Nepoznato |
| Izdano: |
Santiago, Chile:
Thomson Reuters,
2024.
|
| Izdanje: | 1ª edición |
| Teme: | |
| Oznake: |
Dodaj oznaku
Bez oznaka, Budi prvi tko označuje ovaj zapis!
|
MARC
| LEADER | 00000 a2200000 4500 | ||
|---|---|---|---|
| 003 | CL-VaPUC | ||
| 005 | 20240411114301.0 | ||
| 008 | 240320t2024 ||||| |||| 00| 0 eng d | ||
| 999 | |c 443276 |d 443274 | ||
| 020 | |a 978-956-400-461-7 | ||
| 040 | |c Pontificia Universidad Católica de Valparaíso | ||
| 082 | 7 | |2 22 |a 336.24 ARA 2024 | |
| 100 | |a Araya Ibáñez, Gonzalo |9 875829 |e autor | ||
| 245 | |a Guía práctica. |b Operación renta AT 2024. | ||
| 250 | |a 1ª edición | ||
| 260 | |a Santiago, Chile: |b Thomson Reuters, |c 2024. | ||
| 300 | |a XI, 491 páginas. | ||
| 583 | |k GC |c 20240320 | ||
| 650 | 0 | |9 888238 |a Impuesto sobre la renta de las personas físicas |v Declaración jurada (DD.JJ) |v Formulario de declaración de renta (F22) |v Contribuyentes |x Guía practica |y 2024 |z Chile | |
| 650 | 0 | |9 550319 |a Procedimiento tributario |v Servicio de impuestos internos (SII) |v Operación renta |x Guía practica |y 2024 |z Chile | |
| 942 | |2 ddc |c BK | ||
| 952 | |0 0 |1 0 |2 ddc |4 0 |6 336_240000000000000_ARA_2024 |7 0 |8 A |9 593762 |a BIBDER |b BIBDER |d 2024-03-20 |e 31 |g 0.00 |i 5660418 |o 336.24 ARA 2024 |p 5660418 |r 2024-03-20 |t 1 |v 0.00 |w 2024-03-20 |y BK |k DER | ||